|
|
|
|
| LEADER |
00000nam0a2200000 4500 |
| 001 |
373190 |
| 005 |
20231102012537.0 |
| 035 |
|
|
|a (RuTPU)RU\TPU\retro\30617
|
| 035 |
|
|
|a RU\TPU\book\224394
|
| 090 |
|
|
|a 373190
|
| 100 |
|
|
|a 20221215d1972 km y0rusy50 ca
|
| 101 |
0 |
|
|a rus
|
| 102 |
|
|
|a RU
|
| 105 |
|
|
|a a z 001zy
|
| 200 |
1 |
|
|a Математические методы в биологии
|f Московское общество испытателей природы (МОИП) ; под ред. Н. А. Плохинского
|
| 210 |
|
|
|a Москва
|c Изд-во Московского ун-та
|d 1972
|
| 215 |
|
|
|a 135 с.
|c черт.
|
| 320 |
|
|
|a Библиогр. в конце ст.
|
| 606 |
1 |
|
|a Биология
|x Математические методы
|2 stltpush
|3 (RuTPU)RU\TPU\subj\28711
|9 52214
|
| 610 |
1 |
|
|a генетическая информация
|
| 610 |
1 |
|
|a теория
|
| 610 |
1 |
|
|a дисперсионный анализ
|
| 675 |
|
|
|a 57:51
|v 3
|
| 702 |
|
1 |
|a Плохинский
|b Н. А.
|4 340
|
| 712 |
0 |
2 |
|a Московское общество испытателей природы (МОИП)
|c (1917- )
|2 stltpush
|3 (RuTPU)RU\TPU\col\7762
|
| 801 |
|
1 |
|a RU
|b 63413507
|c 20111216
|
| 801 |
|
2 |
|a RU
|b 63413507
|c 20221215
|g RCR
|
| 942 |
|
|
|c BK
|